000 01018nam a22003017a 4500
001 7869
003 FISKH
005 20250812133159.0
008 250812b cb ||||| |||| 00| 0 eng d
020 _a9781423104186
040 _aFISKH
_beng
_cFISKH
_dFISKH
050 _aPZ7.C761846 I
082 _a405
100 _aConly, Leslie Jane
_d(1948-)
245 _aImpetuous R., secret agent /
_cBy Jane Leslie Conly ; Illustrated by Bonnie Leick
250 _aThis edition first published in 2008
260 _aNew York :
_bHyperionbooks,
_c2008
300 _a226 pages :
_billustrations ;
_c22 cm
505 _aP
520 _aSome brave young cockroaches that live in an old jazz club secretly help Troy, the elderly owner's grandson, save Pop's Corner from foreclosure by the bank.
521 8 _a640
_bLexile
521 8 _aP
_bRaz-Plus
650 _2Adventure fiction
_aAnimal
650 _2Baltimore
_aCockroaches
700 _aLeick, Bonnie
_dillustrator
942 _2ddc
_cBK
_n0
999 _c7869
_d7869